[Event "8th ITLukavac 2019"]
[Site "Lukavac, hotel Lukavac"]
[Date "2019.11.22"]
[Round "1"]
[Board "1"]
[White "Muratovic, Efim"]
[Black "Imamovic, Smajl"]
[Result "1-0"]
[WhiteElo "2398"]
[BlackElo "1890"]
[PlyCount "71"]
[EventDate "2019.11.22"]
[EventRounds "7"]
[EventCountry "BIH"]

1. d4 d5 2. c4 Nf6 3. cxd5 Nxd5 4. e4 Nf6 5. Nc3 e6 6. Be3 Be7 7. Bd3 Nc6 8.
Nf3 a6 9. Rc1 Bd7 10. h3 Rc8 11. a3 Rb8 12. d5 exd5 13. exd5 O-O 14. dxc6 Bxc6
15. Be2 Bd6 16. O-O Qe7 17. Re1 Rbd8 18. Qc2 Rfe8 19. Rcd1 h6 20. Qf5 Bd7 21.
Qa5 Bc6 22. Nd4 Bd7 23. Nf5 Qe5 24. Qxe5 Bxe5 25. Nd4 Bd6 26. Bf3 Rb8 27. Nd5
Nxd5 28. Bxd5 Re5 29. Bf3 Ba4 30. Rc1 c5 31. Ne2 b6 32. Nc3 Bb3 33. Bd1 Be6 34.
Be2 Bc8 35. Rcd1 Re6 36. Rxd6  1-0

[Event "8th ITLukavac 2019"]
[Site "Lukavac, hotel Lukavac"]
[Date "2019.11.22"]
[Round "1"]
[Board "2"]
[White "Kasumovic, Muhidin"]
[Black "Buljubasic, Sabahudin"]
[Result "0-1"]
[WhiteElo "1870"]
[BlackElo "2342"]
[PlyCount "78"]
[EventDate "2019.11.22"]
[EventRounds "7"]
[EventCountry "BIH"]

1. e4 c5 2. Nf3 e6 3. Nc3 a6 4. a3 Nc6 5. g3 Nf6 6. d3 Be7 7. Bg2 O-O 8. O-O
Qc7 9. Bg5 h6 10. Bf4 d6 11. Re1 e5 12. Be3 Be6 13. Nh4 Nd4 14. Bxd4 cxd4 15.
Ne2 Rfc8 16. c3 dxc3 17. bxc3 Qa5 18. Qd2 d5 19. Nf5 Bf8 20. Qb2 dxe4 21. dxe4
Bc5 22. h3 b5 23. Kh2 Ra7 24. Ng1 Rd7 25. Nf3 Bxf5 26. exf5 e4 27. Ne5 Rd5 28.
Ng4 Rxf5 29. Nxf6+ Rxf6 30. Re2 Re8 31. Qc2 e3 32. f4 Rd8 33. Ra2 g5 34. f5
Rfd6 35. Bf3 Rd2 36. Qb3 Qc7 37. Kg2 Ba7 38. Raxd2 exd2 39. Re4 Qc5  0-1

[Event "8th ITLukavac 2019"]
[Site "Lukavac, hotel Lukavac"]
[Date "2019.11.22"]
[Round "1"]
[Board "3"]
[White "Obad, Andrija"]
[Black "Habibovic, Hazim"]
[Result "1-0"]
[WhiteElo "2321"]
[BlackElo "1854"]
[PlyCount "95"]
[EventDate "2019.11.22"]
[EventRounds "7"]
[EventCountry "BIH"]

1. e4 d6 2. d4 Nf6 3. Nc3 g6 4. f4 Bg7 5. Nf3 O-O 6. e5 dxe5 7. fxe5 Nd5 8. Bc4
c6 9. O-O Nxc3 10. bxc3 Bg4 11. h3 b5 12. Bb3 Be6 13. Bxe6 fxe6 14. Ng5 Rxf1+
15. Qxf1 Qf8 16. Qxf8+ Bxf8 17. a4 Nd7 18. Nxe6 bxa4 19. Rxa4 Nb6 20. Ra6 Kf7
21. Nc7 Rc8 22. Rxa7 Nd5 23. Nxd5 cxd5 24. Bd2 Ke6 25. Kf2 Rb8 26. Ra6+ Kf7 27.
Ke2 Rb1 28. Be3 Rb2 29. Kd2 Rb1 30. Ke2 Rb2 31. Kd3 Rb1 32. Rc6 Rh1 33. Ke2 Rh2
34. Kf3 Rh1 35. c4 dxc4 36. Rxc4 Rf1+ 37. Ke2 Rb1 38. Rc6 h6 39. d5 g5 40. Kf3
Rd1 41. c4 Bg7 42. Ke4 Re1 43. d6 Bxe5 44. d7 Bf4 45. d8=Q Rxe3+ 46. Kf5 e6+
47. Rxe6 Rxe6 48. Qd5  1-0

[Event "8th ITLukavac 2019"]
[Site "Lukavac, hotel Lukavac"]
[Date "2019.11.22"]
[Round "1"]
[Board "4"]
[White "Hasanovic, Mustafa"]
[Black "Trkulja, Goran"]
[Result "0-1"]
[WhiteElo "1833"]
[BlackElo "2298"]
[PlyCount "48"]
[EventDate "2019.11.22"]
[EventRounds "7"]
[EventCountry "BIH"]

1. Nf3 Nf6 2. d4 c5 3. Nc3 cxd4 4. Nxd4 e5 5. Nb3 d5 6. Bg5 d4 7. Ne4 Nc6 8. g3
Qd5 9. Bxf6 Qxe4 10. f3 Qe3 11. Bxg7 Bxg7 12. Qd3 Bh6 13. a3 O-O 14. h4 Qxd3
15. cxd3 b6 16. g4 Be3 17. Nd2 Bxd2+ 18. Kxd2 Na5 19. Ke1 Nb3 20. Rb1 Be6 21.
Bh3 Rac8 22. g5 Bxh3 23. Rxh3 Rc2 24. Kf2 Rfc8  0-1

[Event "8th ITLukavac 2019"]
[Site "Lukavac, hotel Lukavac"]
[Date "2019.11.22"]
[Round "1"]
[Board "5"]
[White "Mrndjic, Muamer"]
[Black "Muhibic, Cazim"]
[Result "1-0"]
[WhiteElo "2224"]
[BlackElo "1830"]
[PlyCount "133"]
[EventDate "2019.11.22"]
[EventRounds "7"]
[EventCountry "BIH"]

1. d4 e6 2. e4 d5 3. Nc3 Bb4 4. e5 c5 5. a3 Bxc3+ 6. bxc3 c4 7. Qg4 g6 8. h4 h5
9. Qg3 Qa5 10. Bg5 Nc6 11. Qe3 Nge7 12. Bf6 Nf5 13. Qd2 Rg8 14. Ne2 b5 15. f3
Ba6 16. g4 Nfe7 17. Bh3 Rb8 18. Kf2 Kd7 19. Qh6 hxg4 20. fxg4 Qd8 21. h5 Qf8
22. Qxf8 Rbxf8 23. h6 Rb8 24. h7 Rge8 25. Bg2 Rh8 26. Bxh8 Rxh8 27. Ke3 Ke8 28.
Ng1 Bc8 29. Nf3 Bd7 30. Ng5 Kf8 31. Raf1 Nd8 32. Rf6 Kg7 33. Rb1 a6 34. a4 Nc8
35. axb5 Bxb5 36. Rbf1 Be8 37. Bxd5 exd5 38. e6 Nxe6 39. Nxf7 Rxh7 40. Rxe6
Bxf7 41. Rc6 Ne7 42. Rxa6 g5 43. Ra7 Kf8 44. Rf6 Rh3+ 45. Kd2 Rh2+ 46. Kc1 Re2
47. Rd6 Re4 48. Kd2 Rxg4 49. Rd8+ Be8 50. Raa8 Kf7 51. Rxe8 Re4 52. Rh8 Kg6 53.
Ra6+ Kg7 54. Rh5 Rg4 55. Ra7 Kg6 56. Rh8 Re4 57. Ra6+ Kf5 58. Rd6 g4 59. Rh5+
Kf4 60. Rf6+ Kg3 61. Re5 Kh2 62. Rh6+ Kg2 63. Rhe6 Rxe5 64. Rxe5 Nc6 65. Rxd5
g3 66. Ke2 Ne7 67. Rg5  1-0

[Event "8th ITLukavac 2019"]
[Site "Lukavac, hotel Lukavac"]
[Date "2019.11.22"]
[Round "1"]
[Board "6"]
[White "Manic, Mujo"]
[Black "Bandic, Adnan"]
[Result "0-1"]
[WhiteElo "1820"]
[BlackElo "2218"]
[PlyCount "78"]
[EventDate "2019.11.22"]
[EventRounds "7"]
[EventCountry "BIH"]

1. d4 f5 2. c4 Nf6 3. Nc3 g6 4. f3 Bg7 5. e4 d6 6. Bd3 fxe4 7. fxe4 Nc6 8. Nf3
Bg4 9. Be3 Bxf3 10. gxf3 Nh5 11. Ne2 e5 12. d5 Nd4 13. Qa4+ b5 14. cxb5 Nxf3+
15. Kd1 O-O 16. Rc1 Nf4 17. Qc4 Ng2 18. Bf2 Qg5 19. Kc2 Qd2+ 20. Kb1 Qxe2 21.
Bxe2 Nd2+ 22. Ka1 Nxc4 23. Bxa7 Rxa7 24. Rxc4 Rf2 25. Bg4 Bh6 26. a3 Be3 27. h4
Bd4 28. Rxd4 exd4 29. h5 Ne3 30. Be6+ Kg7 31. h6+ Kf8 32. Rc1 Nc2+ 33. Kb1 d3
34. Rd1 Nxa3+ 35. bxa3 Rxa3 36. Bg4 Rb3+ 37. Ka1 Ke7 38. Rc1 Rc2 39. Rf1 d2  0-1

[Event "8th ITLukavac 2019"]
[Site "Lukavac, hotel Lukavac"]
[Date "2019.11.22"]
[Round "1"]
[Board "7"]
[White "Stavnjak, Lazar"]
[Black "Softic, Kasim"]
[Result "1-0"]
[WhiteElo "2207"]
[BlackElo "1813"]
[PlyCount "101"]
[EventDate "2019.11.22"]
[EventRounds "7"]
[EventCountry "BIH"]

1. e4 c5 2. Nf3 d6 3. d4 cxd4 4. Nxd4 a6 5. Nc3 e6 6. Be3 Be7 7. Bc4 Nf6 8. Bb3
Nc6 9. O-O Qc7 10. f4 Na5 11. Kh1 Nxb3 12. axb3 Bd7 13. Qd3 Rc8 14. Rfd1 O-O
15. Rd2 Rfd8 16. Bg1 Bc6 17. Nxc6 Qxc6 18. Re2 d5 19. exd5 Nxd5 20. Nxd5 Rxd5
21. Qe4 Bf6 22. c3 g6 23. g3 Qd7 24. Kg2 Rc6 25. b4 Rd2 26. Rae1 Rcd6 27. Bc5
Rxe2+ 28. Rxe2 Rd2 29. Kf2 Rd1 30. Be3 h5 31. Re1 Rxe1 32. Kxe1 Qd5 33. Qxd5
exd5 34. Bc5 b5 35. Ke2 Kg7 36. Ke3 Kh6 37. Bf8+ Kh7 38. h3 Kg8 39. Bd6 Kg7 40.
Be5 g5 41. Kd4 gxf4 42. gxf4 Kg6 43. Kxd5 Kf5 44. Bxf6 Kxf6 45. b3 Kf5 46. c4
bxc4 47. bxc4 Kxf4 48. c5 f5 49. c6 Kg3 50. c7 Kxh3 51. c8=Q  1-0

[Event "8th ITLukavac 2019"]
[Site "Lukavac, hotel Lukavac"]
[Date "2019.11.22"]
[Round "1"]
[Board "8"]
[White "Markovic, Rade A"]
[Black "Djuric, Zoran"]
[Result "0-1"]
[WhiteElo "1803"]
[BlackElo "2192"]
[PlyCount "82"]
[EventDate "2019.11.22"]
[EventRounds "7"]
[EventCountry "BIH"]

1. e4 e5 2. Nf3 Nc6 3. Bc4 Bc5 4. b4 Bxb4 5. c3 Bd6 6. d4 Nf6 7. d5 Ne7 8. Bd3
Ng6 9. Nbd2 Nf4 10. Nc4 Nxd3+ 11. Qxd3 Qe7 12. O-O h6 13. Re1 a6 14. a4 Bc5 15.
h3 d6 16. Be3 Bxe3 17. Rxe3 Nd7 18. Qe2 Nc5 19. Nh2 O-O 20. Rg3 Kh7 21. Ng4 f5
22. exf5 Bxf5 23. Nce3 Bd3 24. Qd2 Bg6 25. f3 Nb3 26. Qb2 Nxa1 27. Qxa1 Qh4 28.
Kh2 h5 29. Nf2 Qf4 30. h4 Qxe3 31. Nh3 Bf5 32. f4 Qd2 33. Ng5+ Kh8 34. fxe5
dxe5 35. c4 Qf4 36. Nf3 Rae8 37. Qe1 e4 38. Qc3 Rf6 39. Nd4 Qxh4+ 40. Kg1 Bg4
41. Qe3 Ref8  0-1

[Event "8th ITLukavac 2019"]
[Site "Lukavac, hotel Lukavac"]
[Date "2019.11.22"]
[Round "1"]
[Board "9"]
[White "Aleksic, Neven"]
[Black "Sakic, Dino"]
[Result "1/2-1/2"]
[WhiteElo "2182"]
[BlackElo "1801"]
[PlyCount "121"]
[EventDate "2019.11.22"]
[EventRounds "7"]
[EventCountry "BIH"]

1. d4 Nf6 2. c4 e6 3. Nf3 d5 4. cxd5 exd5 5. Nc3 c6 6. Bg5 Be7 7. Qc2 Na6 8. a3
Nc7 9. e3 O-O 10. Bd3 g6 11. O-O Ne6 12. Bh6 Re8 13. Ne5 Ng7 14. Bxg7 Kxg7 15.
f4 Bd6 16. h3 Ng8 17. Rae1 Nh6 18. Qf2 f6 19. Nf3 Bf5 20. Bxf5 Nxf5 21. g4 Nh6
22. Kh1 Nf7 23. Rg1 Rc8 24. g5 fxg5 25. Nxg5 Nxg5 26. Rxg5 Qd7 27. Qf3 Rf8 28.
Reg1 Be7 29. R5g4 Rce8 30. Ne2 Qe6 31. Ng3 Kh8 32. Nf1 Bd8 33. Qd1 Qe4+ 34. Kh2
Bc7 35. h4 Rg8 36. h5 gxh5 37. Rxg8+ Rxg8 38. Rxg8+ Kxg8 39. Qxh5 Qg6 40. Qxg6+
hxg6 41. Kh3 Kf7 42. Kg4 Kf6 43. Nd2 Bb6 44. Nb3 a6 45. Nc5 Bxc5 46. dxc5 a5
47. a4 Kf7 48. Kg5 Kg7 49. b3 Kf7 50. f5 gxf5 51. Kxf5 Ke7 52. Ke5 Kd7 53. Kf6
Kc7 54. Ke7 b5 55. cxb6+ Kxb6 56. Kd6 Kb7 57. Kc5 Kc7 58. b4 axb4 59. Kxb4 Kd6
60. a5 c5+ 61. Kb5  1/2-1/2

[Event "8th ITLukavac 2019"]
[Site "Lukavac, hotel Lukavac"]
[Date "2019.11.22"]
[Round "1"]
[Board "10"]
[White "Colpa, Husein"]
[Black "Lipovcic, Marko"]
[Result "1-0"]
[WhiteElo "1798"]
[BlackElo "2167"]
[PlyCount "117"]
[EventDate "2019.11.22"]
[EventRounds "7"]
[EventCountry "BIH"]

1. d4 d5 2. Nf3 Nf6 3. c4 e6 4. a3 Be7 5. Nc3 O-O 6. b3 b6 7. Bb2 Bb7 8. e3
dxc4 9. bxc4 c5 10. Be2 Ne4 11. Qc2 Ng5 12. d5 exd5 13. cxd5 Nxf3+ 14. Bxf3 Bf6
15. O-O a6 16. Rfd1 Bxc3 17. Qxc3 f6 18. Bg4 Qd6 19. Be6+ Kh8 20. e4 Nd7 21.
Qh3 Rad8 22. Bf5 g6 23. Bxg6 Qe7 24. Bf5 Rg8 25. Rd3 Ne5 26. Rg3 Rxg3 27. hxg3
Rf8 28. Rd1 Nc4 29. Bc1 Nd6 30. f3 b5 31. Bf4 Rf7 32. Be6 Rg7 33. g4 Nf7 34.
Bf5 Nd6 35. Be6 Nf7 36. Qh2 Qe8 37. Be3 Nd8 38. Bf5 c4 39. Qd6 Rf7 40. Bd4 Qf8
41. Qxf8+ Rxf8 42. g5 a5 43. Rb1 Ba6 44. gxf6 Kg8 45. Be6+ Nxe6 46. dxe6 Rc8
47. Rd1 b4 48. axb4 a4 49. f7+ Kf8 50. Bc5+ Kg7 51. Bd4+ Kf8 52. Bf6 c3 53. f4
c2 54. Rc1 Bd3 55. g4 Bxe4 56. Kf2 Bd5 57. f5 Rc4 58. Bg5 a3 59. Bh6+  1-0

[Event "8th ITLukavac 2019"]
[Site "Lukavac, hotel Lukavac"]
[Date "2019.11.22"]
[Round "1"]
[Board "11"]
[White "Kuzmanovic, Slobodan"]
[Black "Miftari, Hedon"]
[Result "1-0"]
[WhiteElo "2144"]
[BlackElo "1771"]
[PlyCount "101"]
[EventDate "2019.11.22"]
[EventRounds "7"]
[EventCountry "BIH"]

1. e4 c5 2. Nf3 Nc6 3. c3 Nf6 4. Bd3 e5 5. O-O Be7 6. Re1 O-O 7. Bb5 d6 8. h3
h6 9. d3 a6 10. Ba4 Be6 11. Nbd2 Nd7 12. Nf1 b5 13. Bc2 f5 14. Ne3 fxe4 15.
dxe4 Na5 16. Nd5 Nb6 17. b3 Nxd5 18. exd5 Bf5 19. Bxf5 Rxf5 20. c4 Qd7 21. Bd2
Nb7 22. a4 b4 23. Re4 Raf8 24. Kh2 Nd8 25. Qe2 Nf7 26. Rf1 Rxf3 27. Qxf3 Ng5
28. Qg4 Qd8 29. Bxg5 Bxg5 30. g3 Kh8 31. Kg2 Bf6 32. Qg6 a5 33. f4 Qe7 34. fxe5
Bxe5 35. Rxf8+ Qxf8 36. h4 Qf6 37. Qxf6 gxf6 38. g4 Kg7 39. h5 Kf7 40. Kf3 Ke7
41. Re2 Kf7 42. Ke4 Kf8 43. Kf5 Kf7 44. Re4 Bc3 45. Re6 Be5 46. g5 hxg5 47. h6
g4 48. Kxg4 Kg6 49. h7 Kxh7 50. Kf5 Kg7 51. Re7+  1-0

[Event "8th ITLukavac 2019"]
[Site "Lukavac, hotel Lukavac"]
[Date "2019.11.22"]
[Round "1"]
[Board "12"]
[White "Mujcinovic, Muharem"]
[Black "Zenelaj, Samuel"]
[Result "1/2-1/2"]
[WhiteElo "1770"]
[BlackElo "2132"]
[PlyCount "88"]
[EventDate "2019.11.22"]
[EventRounds "7"]
[EventCountry "BIH"]

1. e4 e5 2. Nf3 Nc6 3. Bc4 Nf6 4. d3 Be7 5. a4 O-O 6. O-O d6 7. h3 Be6 8. Na3
d5 9. exd5 Nxd5 10. Re1 Bf6 11. c3 Re8 12. Nh2 Be7 13. Ng4 Bxa3 14. Rxa3 Qd6
15. Ra1 Rad8 16. Bg5 f6 17. Bh4 h5 18. Ne3 Nxe3 19. Bxe6+ Qxe6 20. fxe3 Ne7 21.
Qxh5 Qf5 22. Qxf5 Nxf5 23. Bf2 Rxd3 24. e4 Nd6 25. Bxa7 Rd2 26. b4 Rd3 27. Re3
Rxe3 28. Bxe3 Nxe4 29. c4 f5 30. Rd1 f4 31. Bf2 Re7 32. a5 c6 33. b5 cxb5 34.
cxb5 Rc7 35. a6 bxa6 36. bxa6 Nxf2 37. Kxf2 Rc2+ 38. Kf3 Ra2 39. Rd6 Ra4 40.
Re6 Kf7 41. Rxe5 Kf6 42. Re4 Rxa6 43. Rxf4+ Kg5 44. Rg4+ Kf6  1/2-1/2

[Event "8th ITLukavac 2019"]
[Site "Lukavac, hotel Lukavac"]
[Date "2019.11.22"]
[Round "1"]
[Board "13"]
[White "Terzic, Ilijas"]
[Black "Bakula, Dalibor"]
[Result "1-0"]
[WhiteElo "2120"]
[BlackElo "1759"]
[PlyCount "79"]
[EventDate "2019.11.22"]
[EventRounds "7"]
[EventCountry "BIH"]

1. d4 Nf6 2. c4 e6 3. Nf3 b6 4. a3 Bb7 5. Nc3 Be7 6. d5 O-O 7. e4 d6 8. Be2 e5
9. O-O a5 10. Rb1 c5 11. dxc6 Bxc6 12. Qc2 Qc7 13. b4 axb4 14. axb4 Nbd7 15. h3
Rfc8 16. Bd3 Bb7 17. Be3 Ba6 18. Rfc1 h6 19. Nd2 Qb8 20. Nd5 Nxd5 21. exd5 Nf6
22. Bf5 Rc7 23. b5 Bc8 24. Bxc8 Rxc8 25. Qf5 g6 26. Qd3 Kg7 27. f4 Nh5 28. f5
g5 29. Ne4 f6 30. Qe2 Nf4 31. Bxf4 exf4 32. Qh5 Rf8 33. Qg6+ Kh8 34. Qxh6+ Kg8
35. Re1 Qd8 36. Re2 Rc8 37. Rbe1 Rc7 38. h4 Rd7 39. hxg5 fxg5 40. Qg6+  1-0

[Event "8th ITLukavac 2019"]
[Site "Lukavac, hotel Lukavac"]
[Date "2019.11.22"]
[Round "1"]
[Board "14"]
[White "Yurdakul, Didem Nuray"]
[Black "Bojo, Leon"]
[Result "0-1"]
[WhiteElo "1756"]
[BlackElo "2119"]
[PlyCount "62"]
[EventDate "2019.11.22"]
[EventRounds "7"]
[EventCountry "BIH"]

1. e4 c6 2. d4 d5 3. exd5 cxd5 4. c4 Nf6 5. Nc3 Nc6 6. Bg5 Be6 7. Nf3 h6 8.
Bxf6 exf6 9. c5 g6 10. Bb5 Bg7 11. O-O O-O 12. Bxc6 bxc6 13. b4 Qd7 14. a4 a6
15. h3 Rab8 16. Qe2 Rxb4 17. Qxa6 Bf5 18. a5 Be4 19. Ra4 Rxa4 20. Nxa4 Bxf3 21.
gxf3 Qxh3 22. Qxc6 Qxf3 23. Re1 f5 24. Re3 Qg4+ 25. Rg3 Qd1+ 26. Kg2 Bxd4 27.
a6 Qe2 28. Rf3 Rb8 29. a7 Rb1 30. a8=Q+ Kh7 31. Qaa6 Qe1  0-1

[Event "8th ITLukavac 2019"]
[Site "Lukavac, hotel Lukavac"]
[Date "2019.11.22"]
[Round "1"]
[Board "15"]
[White "Markovic, Dino"]
[Black "Mesic, Merim"]
[Result "1-0"]
[WhiteElo "2119"]
[BlackElo "1752"]
[PlyCount "95"]
[EventDate "2019.11.22"]
[EventRounds "7"]
[EventCountry "BIH"]

1. d4 e6 2. c4 Nf6 3. Nc3 d5 4. Nf3 Bb4 5. e3 O-O 6. Bd3 b6 7. cxd5 exd5 8. O-O
Bg4 9. h3 Bh5 10. a3 Bd6 11. b4 c6 12. Bb2 Bc7 13. Be2 Bxf3 14. Bxf3 Qd6 15. g3
g6 16. Rc1 h5 17. h4 a6 18. Ne2 Qe6 19. Qc2 Rc8 20. Rcd1 Nbd7 21. Nc1 Ne4 22.
Nd3 Ndf6 23. Ne5 Bb8 24. Rc1 Ra7 25. Qd3 b5 26. Rc2 Bxe5 27. dxe5 Ng4 28. Bxe4
dxe4 29. Qxe4 Re7 30. Rfc1 Qb3 31. Bd4 f5 32. Qf3 Qxa3 33. Rxc6 Rxc6 34. Qxc6
Kh7 35. e6 Qa2 36. Rc2 Qb1+ 37. Kg2 Qb3 38. Qc8 Qd5+ 39. Kf1 Ne5 40. Bxe5 Qxe5
41. Qd8 Qxe6 42. Rc8 Qf6 43. Qg8+ Kh6 44. Qd5 Qe6 45. Rh8+ Kg7 46. Qd8 Qf7 47.
Qd4+ Qf6 48. Rh7+  1-0

[Event "8th ITLukavac 2019"]
[Site "Lukavac, hotel Lukavac"]
[Date "2019.11.22"]
[Round "1"]
[Board "16"]
[White "Ozkurt, Kutay"]
[Black "Tonkovic, Robert"]
[Result "1-0"]
[WhiteElo "1708"]
[BlackElo "2118"]
[PlyCount "73"]
[EventDate "2019.11.22"]
[EventRounds "7"]
[EventCountry "BIH"]

1. e4 c5 2. Nf3 g6 3. c3 d5 4. exd5 Qxd5 5. Na3 Nf6 6. Bc4 Qd8 7. Ne5 e6 8. O-O
Bg7 9. d4 O-O 10. dxc5 Ne4 11. Qe2 Nxc5 12. Rd1 Nbd7 13. Bf4 a6 14. b4 Qf6 15.
Nxd7 Nxd7 16. Bd6 Re8 17. Rd3 Ne5 18. Re3 Nxc4 19. Nxc4 b5 20. Nb6 Ra7 21. Bc5
Rc7 22. Nd5 Qd8 23. Nxc7 Qxc7 24. Rd1 Bb7 25. Qd3 Be5 26. Bd6 Bxd6 27. Qxd6 Qc4
28. Qd3 Qc6 29. f3 Rf8 30. Qd7 Qb6 31. Qd4 Qc7 32. Re5 Bd5 33. a3 Rc8 34. Re3
Qb7 35. Kh1 Rc4 36. Qf6 Qc7 37. Rxd5  1-0

[Event "8th ITLukavac 2019"]
[Site "Lukavac, hotel Lukavac"]
[Date "2019.11.22"]
[Round "1"]
[Board "17"]
[White "Katkic, Amel"]
[Black "Kustura, Hajrudin"]
[Result "1-0"]
[WhiteElo "2105"]
[BlackElo "1706"]
[PlyCount "85"]
[EventDate "2019.11.22"]
[EventRounds "7"]
[EventCountry "BIH"]

1. e4 e6 2. d4 g6 3. Nf3 d5 4. e5 c5 5. c3 Nc6 6. Be2 cxd4 7. cxd4 Bb4+ 8. Nc3
Nge7 9. O-O Nf5 10. g4 Nh4 11. a3 Nxf3+ 12. Bxf3 Be7 13. Be3 f6 14. exf6 Bxf6
15. Qd2 O-O 16. Bg2 Bd7 17. b4 a6 18. f4 Qb6 19. Na4 Qd8 20. Nc5 b6 21. Nxd7
Qxd7 22. Rac1 Rfc8 23. Qd3 Qg7 24. Rfd1 Qd7 25. Rc3 b5 26. f5 exf5 27. gxf5
gxf5 28. Rc5 Ne7 29. Qb3 Rxc5 30. dxc5 Rd8 31. Bf4 Kg7 32. Bd6 d4 33. Re1 Ng6
34. Qd3 Re8 35. Rf1 Re3 36. Qxf5 Qxf5 37. Rxf5 Rxa3 38. c6 Ra1+ 39. Rf1 Rxf1+
40. Kxf1 Nh4 41. c7 Nxg2 42. Kxg2 d3 43. c8=Q  1-0

[Event "8th ITLukavac 2019"]
[Site "Lukavac, hotel Lukavac"]
[Date "2019.11.22"]
[Round "1"]
[Board "18"]
[White "Sajin, Mirko"]
[Black "Sestic, Nermin"]
[Result "0-1"]
[WhiteElo "1679"]
[BlackElo "2105"]
[PlyCount "74"]
[EventDate "2019.11.22"]
[EventRounds "7"]
[EventCountry "BIH"]

1. e4 e6 2. d3 d5 3. Nd2 c5 4. g3 Nf6 5. Bg2 Be7 6. Ngf3 O-O 7. O-O Nc6 8. h3
b5 9. Nh2 Qb6 10. Kh1 a5 11. f4 dxe4 12. dxe4 Rd8 13. g4 Ba6 14. g5 Ne8 15. Qh5
b4 16. Rg1 Nd4 17. Bf1 Nxc2 18. Rb1 Bxf1 19. Rxf1 Qc6 20. Nhf3 g6 21. Ne5 Qb7
22. Qf3 Nd4 23. Qe3 Nd6 24. Kh2 Qb5 25. Rf2 a4 26. Ndf3 Nc4 27. Qe1 Nxf3+ 28.
Nxf3 Na5 29. f5 exf5 30. exf5 Bd6+ 31. Kg2 Qd3 32. fxg6 hxg6 33. Ne5 Bxe5 34.
Qxe5 Qxb1 35. Rxf7 Qc2+ 36. Kg3 Qd3+ 37. Be3 Qd6  0-1

[Event "8th ITLukavac 2019"]
[Site "Lukavac, hotel Lukavac"]
[Date "2019.11.22"]
[Round "1"]
[Board "19"]
[White "Coric, Ahmed"]
[Black "Hankic, Ramiz"]
[Result "1-0"]
[WhiteElo "2104"]
[BlackElo "1620"]
[PlyCount "103"]
[EventDate "2019.11.22"]
[EventRounds "7"]
[EventCountry "BIH"]

1. d4 g6 2. e4 Bg7 3. Be3 c5 4. Nf3 Nf6 5. Nc3 cxd4 6. Nxd4 O-O 7. Bc4 Nc6 8.
Bb3 b6 9. f3 Ba6 10. Qd2 Na5 11. O-O-O Nxb3+ 12. axb3 d6 13. Bh6 Ne8 14. h4 e5
15. Nc6 Bxh6 16. Qxh6 Qf6 17. h5 Qf4+ 18. Qxf4 exf4 19. hxg6 fxg6 20. e5 dxe5
21. b4 Nf6 22. b5 Bb7 23. Nxe5 Rfe8 24. Nd7 Nh5 25. Rxh5 gxh5 26. Nf6+ Kf7 27.
Nxe8 Rxe8 28. Rd4 Kg6 29. Kd2 Kg5 30. Ne2 Re7 31. Nxf4 Bc8 32. Nd5 Rd7 33. Ke3
Kf5 34. Nc3 Rc7 35. Rd5+ Kg6 36. Kf4 Rg7 37. Kg3 Rc7 38. Kf4 h4 39. Rd6+ Kg7
40. Ne4 Rxc2 41. Rc6 Rxg2 42. Rxc8 h3 43. Rc1 Rxb2 44. Rc7+ Kg6 45. Rxa7 Rxb5
46. Kg3 Rb3 47. Ra2 Kf5 48. Rh2 Ra3 49. Rxh3 Ra7 50. Rh5+ Kg6 51. Rb5 Rb7 52.
Nd6  1-0

[Event "8th ITLukavac 2019"]
[Site "Lukavac, hotel Lukavac"]
[Date "2019.11.22"]
[Round "1"]
[Board "20"]
[White "Muratovic, Adnan"]
[Black "Savic, Petar A"]
[Result "0-1"]
[WhiteElo "1613"]
[BlackElo "2099"]
[PlyCount "68"]
[EventDate "2019.11.22"]
[EventRounds "7"]
[EventCountry "BIH"]

1. e4 e6 2. d4 d5 3. Nd2 c5 4. Bb5+ Bd7 5. Bxd7+ Qxd7 6. Ngf3 cxd4 7. Nxd4 Bc5
8. N2b3 Be7 9. Qe2 Nc6 10. a3 a5 11. Nf3 dxe4 12. Qxe4 Nf6 13. Qe2 a4 14. Nbd2
O-O 15. O-O Rfd8 16. Nc4 Qc7 17. Be3 Nd5 18. Bg5 Bxg5 19. Nxg5 Qf4 20. Nf3 Qg4
21. Rfe1 Nf4 22. Qf1 Nh3+ 23. Kh1 Nxf2+ 24. Qxf2 Qxc4 25. Ng5 Rf8 26. Re4 Qd5
27. Qh4 h6 28. Nf3 Qb5 29. Rae1 Qxb2 30. Rg4 Kh8 31. Ng5 Qf6 32. Kg1 Ra5 33.
Rf1 Rf5 34. Rxf5 exf5  0-1

[Event "8th ITLukavac 2019"]
[Site "Lukavac, hotel Lukavac"]
[Date "2019.11.22"]
[Round "1"]
[Board "21"]
[White "Acimovic, Radivoje"]
[Black "Mahmutovic, Edin"]
[Result "1-0"]
[WhiteElo "2077"]
[BlackElo "1611"]
[PlyCount "81"]
[EventDate "2019.11.22"]
[EventRounds "7"]
[EventCountry "BIH"]

1. e4 e5 2. Nf3 d6 3. d4 f6 4. Bc4 Qe7 5. O-O Be6 6. d5 Bg4 7. Nbd2 Nd7 8. c3
O-O-O 9. b4 Kb8 10. Nb3 Nb6 11. Be2 Bd7 12. c4 g5 13. Be3 Nc8 14. c5 Ba4 15.
Qc1 Qe8 16. Qc4 a6 17. Rfc1 Bb5 18. Qc2 Bxe2 19. Qxe2 g4 20. Ne1 h5 21. c6 Nb6
22. Bxb6 cxb6 23. c7+ Ka7 24. cxd8=Q Qxd8 25. Qc4 Bh6 26. Qc8 Qxc8 27. Rxc8 Bg7
28. Rac1 Nh6 29. Rxh8 Bxh8 30. Rc8 Bg7 31. Rc7 Bf8 32. Rh7 f5 33. exf5 Nxf5 34.
Rf7 Ne7 35. Rxf8 Nxd5 36. a3 Nc3 37. Rh8 d5 38. Rxh5 e4 39. Nd4 b5 40. Rg5 Kb6
41. Rxg4  1-0

[Event "8th ITLukavac 2019"]
[Site "Lukavac, hotel Lukavac"]
[Date "2019.11.22"]
[Round "1"]
[Board "22"]
[White "Mrkovic, Nikola"]
[Black "Mitrovic, Jovica"]
[Result "0-1"]
[WhiteElo "1555"]
[BlackElo "2076"]
[PlyCount "80"]
[EventDate "2019.11.22"]
[EventRounds "7"]
[EventCountry "BIH"]

1. e4 e5 2. Nf3 Nc6 3. d4 exd4 4. Nxd4 Nf6 5. Nxc6 bxc6 6. Nc3 Bb4 7. Bd3 O-O
8. O-O d5 9. exd5 cxd5 10. Bd2 Be6 11. a3 Bd6 12. Nb5 Bc5 13. Bg5 c6 14. Nc3 h6
15. Bh4 Rb8 16. Rb1 Be7 17. h3 d4 18. Ne4 Nxe4 19. Bxe7 Nxf2 20. Bxd8 Nxd1 21.
Rfxd1 Rfxd8 22. b4 f5 23. Re1 Kf7 24. Re5 Kf6 25. Rbe1 Rd6 26. Ra5 Rb7 27. Rf1
g6 28. g4 Rd5 29. Ra6 Rc7 30. gxf5 gxf5 31. Be4 Bc8 32. Rxc6+ Rxc6 33. Bxd5
Rxc2 34. Rd1 Ke5 35. Bg2 Rc3 36. a4 Be6 37. Re1+ Kd6 38. Rd1 d3 39. Bf1 Bc4 40.
Kf2 Ke5  0-1

[Event "8th ITLukavac 2019"]
[Site "Lukavac, hotel Lukavac"]
[Date "2019.11.22"]
[Round "1"]
[Board "23"]
[White "Bajramovic, Halid"]
[Black "Smajic, Ervin"]
[Result "1-0"]
[WhiteElo "2066"]
[BlackElo "1553"]
[PlyCount "63"]
[EventDate "2019.11.22"]
[EventRounds "7"]
[EventCountry "BIH"]

1. d4 d5 2. c4 e6 3. Nc3 Nf6 4. Bg5 Be7 5. e3 c6 6. Nf3 O-O 7. Qc2 Nbd7 8. Be2
Qc7 9. Rc1 dxc4 10. Bxc4 Re8 11. O-O b5 12. Bd3 h6 13. Bxf6 Nxf6 14. Nxb5 Qa5
15. Nc3 c5 16. dxc5 Qxc5 17. Nb5 Qxc2 18. Rxc2 Ba6 19. Rfc1 Rab8 20. a4 Nd5 21.
Bf1 Bxb5 22. Bxb5 Red8 23. Nd4 Nb4 24. Rc7 Bf6 25. Rxa7 Bxd4 26. exd4 Rxd4 27.
g3 Nd5 28. b3 Rb4 29. Bc4 Rc8 30. Rd1 Rbxc4 31. bxc4 Rxc4 32. Rb1  1-0

[Event "8th ITLukavac 2019"]
[Site "Lukavac, hotel Lukavac"]
[Date "2019.11.22"]
[Round "1"]
[Board "24"]
[White "Osmic, Enis"]
[Black "Jovovic, Milan"]
[Result "0-1"]
[WhiteElo "1552"]
[BlackElo "2061"]
[PlyCount "66"]
[EventDate "2019.11.22"]
[EventRounds "7"]
[EventCountry "BIH"]

1. e4 c5 2. Nf3 d6 3. Nc3 a6 4. d4 cxd4 5. Nxd4 Nf6 6. Be3 e6 7. Be2 Be7 8. O-O
Nc6 9. f4 Qc7 10. Nxc6 bxc6 11. Bf3 d5 12. exd5 cxd5 13. f5 O-O 14. Bg5 Qb6+
15. Kh1 Qxb2 16. Qd3 Qb6 17. fxe6 fxe6 18. Rab1 Qd6 19. Bxf6 Bxf6 20. Nxd5 exd5
21. Bxd5+ Be6 22. Bxa8 Qxd3 23. cxd3 Rxa8 24. Rb6 Bxa2 25. Rd1 a5 26. d4 a4 27.
d5 Bb3 28. Rd3 Rd8 29. Kg1 Bc4 30. Rd2 Bc3 31. Rd1 Be2 32. Rbb1 Bxd1 33. Rxd1
a3  0-1